000 01009cam a2200265 a 4500
001 000006932
005 20200929154027.0
008 780208s1977 ja b 001 0 eng
020 _a0860081788
035 _a(DLC) 77379481
040 _aDO-SdBNP
_cDLC
_dDLC
082 _a320.950
_bO69ó
245 0 4 _aThe Origins of the cold war in Asia /
_ceditado por Yonosuke Nagai yAkira Iriye.
260 _aTokio :
_bUniversity of Tokio Press,
_c1977.
300 _aix, 448 p. ;
_c24 cm.
500 _aIncluye documentos presentados originalmente en un simposio internacional celebrado en Kyoto, Japón, Nov. 27-30, 1975.
504 _aIncluye bibliografía, p. 437-440 e índice.
651 4 _aAsia
_xPolítica Y Gobierno
_y1945-1989
_vCONGRESOS.
_919225
650 4 _aPolítica internacional
_y1945-1989
_vCONGRESOS
_919226
650 4 _aGuerra fria
_vCONGRESOS.
_919227
700 1 _aNagai, Yonosuke,
_d1924-
_919228
700 1 _aIriye, Akira.
_919229
910 _aCatalogación por copia / LC
049 _aBNGR
999 _c6716
_d6716